书目信息 |
| 题名: |
阿尔巴尼亚史纲
|
|
| 作者: | 克·弗拉舍里 著 | |
| 分册: | ||
| 出版信息: | 北京 生活·读书·新知三联书店 1972 |
|
| 页数: | 455页 | |
| 开本: | 20cm | |
| 丛书名: | ||
| 单 册: | ||
| 中图分类: | K541.0 | |
| 科图分类: | ||
| 主题词: | 南欧--历史 | |
| 电子资源: | ||
| ISBN: | ||
| 000 | 00555nam0 2200193 450 | |
| 001 | 0637626719 | |
| 005 | 20061115103303.35 | |
| 010 | @dCNY1.25 | |
| 100 | @a20061115d1972 km y0chiy0120 ea | |
| 101 | 0 | @achi |
| 102 | @aCN@b110000 | |
| 200 | 1 | @a阿尔巴尼亚史纲@Aa er ba ni ya shi gang@f(阿)克·弗拉舍里著@F(a)ke·fu la she li zhu |
| 210 | @a北京@c生活·读书·新知三联书店@d1972 | |
| 215 | @a455页@d20cm | |
| 606 | 0 | @a南欧@x历史 |
| 690 | @aK541.0@v3 | |
| 701 | 0 | @a克·弗拉舍里@Ake·fu la she li@4著 |
| 801 | 0 | @aCN@bPFT@c20061115 |
| 905 | @a10447@dK541.0@e1 | |
| 阿尔巴尼亚史纲/(阿)克·弗拉舍里著.-北京:生活·读书·新知三联书店,1972 |
| 455页;20cm |
| ISBN :CNY1.25 |
| ● |
| 相关链接 |
|
|
|
|
正题名:阿尔巴尼亚史纲
索取号:K541.0/1
 
预约/预借
| 序号 | 登录号 | 条形码 | 馆藏地/架位号 | 状态 | 备注 |
| 1 | 0228422 | 001395706 | 第二样本阅览室/ [索取号:K541.0/1] | 在馆 |